الفلسفة : (Record no. 15697)
[ view plain ]
| 000 -الفاتح | |
|---|---|
| حقل البيانات ثابتة الطول | 00767nam a22001697a 4500 |
| 008 - عناصر البيانات ثابتة الطول - معلومات عامة | |
| حقل البيانات ثابتة الطول | 110718s19?? xxu|||||r|||| 00| 0 ara d |
| 082 ## - رقم تصنيف ديوى العشرى | |
| رقم الطبعة | 22 |
| رقم التصنيف | 335.43 |
| رقم المادة | ش ي ب |
| 100 ## - المدخل الرئيسى - إسم شخصى | |
| 9 (RLIN) | 26321 |
| الإسم الشخصى | شيبتولين، ا. ب |
| 245 ## - بيان العنوان | |
| العنوان | الفلسفة : |
| بقية العنوان | الماركسية اللينينية / |
| بيان المسئوليه,etc | ترجمة لويس اسكاروس؛ ا. ب. شيبتولين |
| 260 ## - PUBLICATION, DISTRIBUTION, ETC. (IMPRINT) | |
| مكان الناشر او الموزع | القاهرة : |
| اسم الناشر او الموزع | الثقافة الجديدة، [19??] |
| تاريخ النشر أو التوزيع | [19??] |
| 300 ## - الوصف المادى | |
| التعداد | 324 ص ؛ |
| أبعاد الوعاء | 24 سم |
| 650 ## - المدخل الاضافى بالموضوع-مصطلح موضوعى | |
| 9 (RLIN) | 22285 |
| مصطلح موضوعي أو اسم جغرافي كعنصر مدخل | الماركسية اللينينية |
| 653 ## - مصطلح تكشيفى غير مقيد | |
| Resource For college | |
| Arrived date list | July2011 |
| 700 ## - المدخل الاضافى - اسم شخصى | |
| 9 (RLIN) | 26320 |
| الإسم الشخصى | اسكاروس، لويس |
| 942 ## - عناصر المدخل الإضافي( كوها) | |
| مصدر التصنيف او مخطط الترفيف | Dewey Decimal Classification |
| Koha [default] item type | Book - Borrowing |
| حالة التراجع | حالة الفقد | مصدر التصنيف او خطة الترفيف | حالة تلف | ليس للاعارة | مجموعات كوها | المكان الدائم | المكان الحالي | موقع الترفيف | تاريخ الاكتساب | Source of acquisition | رقم الاستدعاء | الباركود | Date last seen | مُعار | نوع الوعاء |
|---|---|---|---|---|---|---|---|---|---|---|---|---|---|---|---|
| Dewey Decimal Classification | Alef-Baa | Central Library | Central Library | First floor | 18/07/2011 | 335.43 ش ي ب | 000024377 | 15/07/2025 | 19/05/2014 | Book - Borrowing |